000 00600nam a2200193Ia 4500
003 OSt
005 20220926041221.0
006 a|||||r|||| 00| 0
007 ta
008 220923b |||||||| |||| 00| 0 eng d
037 _cGeneral Book
040 _aRTL
_cRTL
_beng
041 _2eng
_aeng
082 _aXt738:N50, J5
100 _aNational Planning Association. Committee of New England
_9131036
245 0 _aReport
_b Economic state of New England
942 _hXt738:N50, J5
_cGB
_2CC
999 _c666658
_d666658